000 01659cam a22002294a 4500
005 20250605163929.0
008 250528s ||||||||||||||||||||||||d
035 _a14629
020 _a631185852
040 _aGR-AtMCL
_bgre
_dGR-AtMCL
_eAACR2
245 1 _aIntroduction to Social Psychology / A European Perspective: Second Edition
250 _a2nd
260 _bBlackwell Publishers,
_c1996
300 _a698
520 _aA good mix of basic introduction and more advanced discussion of the field which also provides insights into the process of doing research. Preface, Acknowledgements, Introduction, Introduction to History of Social Psychology, Evolutionary Social Psychology, Developmental Social Psychology, Methodology in Social Psychology: Putting Ideas to the Test, Construction of the Social World, Basic Concepts and Approaches in Social Cognition, Processing Social Information for Judgements and Decisions, Attribution Theory and Research: Basic Issues and Applications, Attitudes: Structure and Measurement and Functions, Principles of Attitude Formation and Strategies of Change, Emotion and Communication and Relationships, Emotion, Communication in Interpersonal and Social Relationships, Affiliation and Attraction and Close Relationships, Prosocial Behavior, Aggressive Behavior, Social Groups, Group Performance, Social Influence in Small Groups, Intergroup Relations, Epilogue, Applied Social Psychology, Glossary, References, Subject and Author Index.
700 1 _aHewstone Miles
_9362
700 1 _aStephenson Geoffrey M
_9363
700 1 _aStroebe Wolfang Stroebe
_9364
942 _cBK
999 _c253
_d253